| 000 | 00588nam a2200193 a 4500 | ||
|---|---|---|---|
| 005 | 20140412111429.0 | ||
| 008 | 090226s19uu xx 00 eng d | ||
| 020 | _a0-439-59889-3 | ||
| 050 |
_aTR(PS E _bHe34 2004 |
||
| 100 | _aParker, Marjorie Blain | ||
| 245 |
_aHello, School bus! / _cMarjorie Blain Parker. |
||
| 260 |
_aU.S.A : _bScholastic, _c2004. |
||
| 300 | _aunp. | ||
| 440 | _aScholastic reader 1 | ||
| 520 | _aEasy to read, rhyming text celebrates a bouncing ,noisy ride to school. | ||
| 650 | _aStories in rhyme | ||
| 650 | _aSchool buses-- fiction | ||
| 999 |
_c106328 _d106328 |
||